New perspectives in North-South dialogue (Record no. 220402)
[ view plain ]
| 000 -LEADER | |
|---|---|
| fixed length control field | 01051nam a22002057a 4500 |
| 005 - DATE AND TIME OF LATEST TRANSACTION | |
| control field | 20211104163643.0 |
| 008 - FIXED-LENGTH DATA ELEMENTS--GENERAL INFORMATION | |
| fixed length control field | 211104b ||||| |||| 00| 0 eng d |
| 020 ## - INTERNATIONAL STANDARD BOOK NUMBER | |
| International Standard Book Number | 1850431051 |
| 040 ## - CATALOGING SOURCE | |
| Transcribing agency | Al |
| 041 ## - LANGUAGE CODE | |
| Language code of text/sound track or separate title | Eng |
| 082 ## - DEWEY DECIMAL CLASSIFICATION NUMBER | |
| Edition number | 23 |
| Classification number | 337.09172 |
| Item number | HADN |
| 100 ## - MAIN ENTRY--PERSONAL NAME | |
| Personal name | Kofi Buenor Hadjor |
| 100 ## - MAIN ENTRY--PERSONAL NAME | |
| 9 (RLIN) | 9736 |
| 245 ## - TITLE STATEMENT | |
| Title | New perspectives in North-South dialogue |
| Remainder of title | Essays in honour of Olof Palme |
| 260 ## - PUBLICATION, DISTRIBUTION, ETC. | |
| Place of publication, distribution, etc. | London |
| Name of publisher, distributor, etc. | I.B.Tauris & Co Ltd. |
| Date of publication, distribution, etc. | 1988 |
| 300 ## - PHYSICAL DESCRIPTION | |
| Extent | xxii,343p. |
| Other physical details | HB |
| Dimensions | 24x16cm. |
| 520 ## - SUMMARY, ETC. | |
| Summary, etc. | These essays, inspired by Olof Palme's vision, represent the first serious recent attempt to revive North-South debate. Distinguished politicians and academics from both North and South, pay tribute to Palme's memory by reassessing and developing his ideas and offering some new and far-reaching conclusions. The result is a highly stimulating survey of the current international political order, with a strategy for change and a call to action.<br/> |
| 650 ## - SUBJECT ADDED ENTRY--TOPICAL TERM | |
| Topical term or geographic name entry element | International economic relations |
| 9 (RLIN) | 9737 |
| 700 ## - ADDED ENTRY--PERSONAL NAME | |
| Personal name | HADJOR (Kofi Buenor) |
| 9 (RLIN) | 9738 |
| 942 ## - ADDED ENTRY ELEMENTS (KOHA) | |
| Source of classification or shelving scheme | Dewey Decimal Classification |
| Koha item type | George Fernandes Collections |
| Withdrawn status | Lost status | Source of classification or shelving scheme | Damaged status | Not for loan | Collection code | Home library | Current library | Date acquired | Total Checkouts | Full call number | Barcode | Date last seen | Price effective from | Koha item type |
|---|---|---|---|---|---|---|---|---|---|---|---|---|---|---|
| Dewey Decimal Classification | Economics | St Aloysius Library | St Aloysius Library | 03/24/2013 | 337.09172 HADN | GF02240 | 11/04/2021 | 11/04/2021 | George Fernandes Collections |